| 000 | 00644nam a22002057a 4500 | ||
|---|---|---|---|
| 003 | OSt | ||
| 005 | 20260310012132.0 | ||
| 008 | 260310b |||||||| |||| 00| 0 eng d | ||
| 020 | _a0-7167-3325-0. | ||
| 040 |
_aDWCL Main lib _cOC |
||
| 082 |
_25th ed. _aCirc. 579 L723 1998 |
||
| 100 | _aPurves, William K. | ||
| 245 |
_aLife : _bthe science of biology _cWilliam K. Purves |
||
| 250 | _a5th ed. | ||
| 260 |
_aUSA : _bSinauer Associates, Inc., _cc1998. |
||
| 300 |
_a1243 p. : _bcol. ill. ; _c28 cm + _e1 CD-ROM. |
||
| 504 | _aIncludes bibliographical references and index. | ||
| 650 | _aBiology. | ||
| 942 |
_2ddc _cBK-CIRC _e5th ed. _kCirc. _n0 |
||
| 999 |
_c8808 _d8808 |
||